Statistics for Better Call Saul Trivia #L

Click here to take the quiz!

General Stats

  • This quiz has been taken 22 times
  • The average score is 9 of 15

Answer Stats

HintAnswer% Correct
Tuco breaks one __ of each of the skatersLeg
100%
Gustavo Frings fast food restaurantLos Pollos Hermanos
100%
Gus builds a lab beneath a __Laundry
92%
The __ is sacred to ChuckLaw
92%
What causes a fire at Chucks homeLantern
85%
Eduardos nicknameLalo
77%
Jimmy looses his __ for one yearLicense
69%
Works for MadrigalLydia Rodarte-Quayle
69%
Employee of said fast food restaurantLyle
69%
One of the Salamanca twinsLeonel
62%
Kim and Jimmy run a scam in this texan cityLubbock
23%
The prison Tuco is inLos Lunas
15%
Employee of a copy shop, bribed by JimmyLance
8%
Francescas surnameLiddy
8%
Mike is a regular in this restaurantLoyola's
8%

Score Distribution

Percentile by Number Answered

Percent of People with Each Score

Your Score History

You have not taken this quiz